000 00292nam a22001337a 4500
008 170613b xxu||||| |||| 00| 0 eng d
020 _a2901604265650
041 _aeng
080 _a32
100 _a19
101 _aSHP
245 _aDEBATING THE PRESIDENCY
_cELLIS, R.J
942 _2udc
_cBK
999 _c17106
_d17106